| 000 | 01203cam a22002054a 4500 | ||
|---|---|---|---|
| 005 | 20250605164112.0 | ||
| 008 | 250528s ||||||||||||||||||||||||d | ||
| 035 | _a17945 | ||
| 020 | _a140156038 | ||
| 040 |
_aGR-AtMCL _bgre _dGR-AtMCL _eAACR2 |
||
| 245 | 1 | _aUnderstanding Organizations / A New Edition of this Landmark Study: Fourth Edition | |
| 250 | _a4th | ||
| 260 |
_bPenguin Books, _c1993 |
||
| 300 | _a448 | ||
| 520 | _aThis classic text offers an extended dictionary of the key concepts, culture, motivation, leadership, power, role playing and group working and then shows how this language can help us find new solutions to familiar problems. Foreword, Introduction, The Concepts, On the Motivation to Work, On Roles and Interactions, On Leadership, On Power and Influence, On the Workings of Groups, On the Cultures of Organizations, The Concepts in Application, On the People of Organizations and Their Development, On the Work of the Organization - and Its Design, On Politics and Change, On Being a Manager, On the Future of Organizations, A Guide to Further Study, Acknowledgements, Index. | ||
| 700 | 1 |
_aHandy Charles _9681 |
|
| 942 | _cBK | ||
| 999 |
_c3339 _d3339 |
||